| 000 | 01134nam a22002655a 4500 | ||
|---|---|---|---|
| 003 | OSt | ||
| 005 | 20170215125457.0 | ||
| 008 | 170215m19841981ua frb 000 0 ara d | ||
| 015 | _a81 / 4618 | ||
| 040 |
_aEG-ScBUE _bara _cEG-ScBUE |
||
| 043 | _af-ua--- | ||
| 082 | 0 | 4 |
_222 _a347.6203 _bي ح ي |
| 100 | 1 | _aيحيى، عبد الودود. | |
| 245 | 1 | 2 |
_aالموسوعة العلمية لأحكام محمكة النقض / _cعبد الودود يحيى. |
| 260 |
_aالقاهرة : _bدار النهضة العربية، _c1984-1981. |
||
| 300 |
_a2 مج. ؛ _c24 سم. |
||
| 504 | _aيشتمل على إرجاعات ببليوجرافية. | ||
| 505 | 0 | _aمج. 1. الإثبات بالكتابة، الإدعاء بالتزوير -- مج. 2. الأحكام العامة في الإثبات -- الإقرار واستجواب الخصوم اليمين -- الخبرة. | |
| 610 | 1 | 7 |
_2BUEsh _940940 _aمصر. _bمحكمة النقض. |
| 650 | 0 |
_aمحاكم النقض والإبرام _zمصر. _2BUEsh |
|
| 650 | 0 |
_aنقض الأحكام _xمصر. _2BUEsh |
|
| 651 | _2BUEsh | ||
| 653 |
_bLLAAWW _cFebruary2017 |
||
| 942 | _2ddc | ||
| 999 |
_c24164 _d24136 |
||